FUNDAMENTALS OF ENGLISH GRAMMAR (Registro nro. 37404)
[ vista simple ]
| 000 -LEADER | |
|---|---|
| fixed length control field | 00518nam a2200181 a 4500 |
| 001 - CONTROL NUMBER | |
| control field | 37404 |
| 005 - DATE AND TIME OF LATEST TRANSACTION | |
| control field | 20180714010332.0 |
| 008 - FIXED-LENGTH DATA ELEMENTS--GENERAL INFORMATION | |
| fixed length control field | 140415d 000 0 eng d |
| 020 ## - INTERNATIONAL STANDARD BOOK NUMBER | |
| International Standard Book Number | 013338500001 |
| 041 ## - LANGUAGE CODE | |
| Language code of text/sound track or separate title | eng |
| 082 ## - DEWEY DECIMAL CLASSIFICATION NUMBER | |
| Classification number | 428.24 |
| Item number | AZA |
| 100 1# - MAIN ENTRY--PERSONAL NAME | |
| Personal name | AZAR, BETTY SCHRAMPFER |
| 245 10 - TITLE STATEMENT | |
| Title | FUNDAMENTALS OF ENGLISH GRAMMAR |
| 250 ## - EDITION STATEMENT | |
| Edition statement | 1a ed. |
| 260 ## - PUBLICATION, DISTRIBUTION, ETC. | |
| Place of publication, distribution, etc. | [s.l.] : |
| Name of publisher, distributor, etc. | PRENTICE-HALL, |
| Date of publication, distribution, etc. | [s.f.] |
| 300 ## - PHYSICAL DESCRIPTION | |
| Extent | 345 |
| 650 14 - SUBJECT ADDED ENTRY--TOPICAL TERM | |
| Topical term or geographic name entry element | INGLES |
| General subdivision | GRANTICA COMPARADA Y GENERAL |
| -- | INGLES |
| -- | TEXTOS PARA EXTRANJEROS |
| Withdrawn status | Lost status | Source of classification or shelving scheme | Damaged status | Not for loan | Home library | Current library | Shelving location | Date acquired | Source of acquisition | Total Checkouts | Full call number | Barcode | Price effective from | Koha item type | Collection code | Inventory number | Total Renewals | Checked out | Date last seen | Date last checked out |
|---|---|---|---|---|---|---|---|---|---|---|---|---|---|---|---|---|---|---|---|---|
| Extraviado | Dewey Decimal Classification | Biblioteca Karol Wojtyla | Biblioteca Karol Wojtyla | 03/12/2013 | Compra | 428.24 AZA | 56258 | 03/12/2013 | Libro | |||||||||||
| Dewey Decimal Classification | Biblioteca Karol Wojtyla | Biblioteca Karol Wojtyla | Sala general | 03/12/2013 | Compra | 4 | 428.24 AZA | 56254 | 03/12/2013 | Libro | General | 151000000000000000042142 | 1 | 19/06/2026 | 05/06/2026 | 05/06/2026 | ||||
| No inventariado | Dewey Decimal Classification | Biblioteca Karol Wojtyla | Biblioteca Karol Wojtyla | 03/12/2013 | Compra | 428.24 AZA | 59933 | 03/12/2013 | Libro |